Представление документа в формате MARC21

Поле Инд. ПП Название Значение
Тип записи a
Библиографический уровень b
001 Контрольный номер RU/IS/BASE/130526514
005 Дата корректировки 20200630193305.3
084 a Индекс другой классификации/Индекс ББК 88.503
097 00 a 750
100 10 a Автор Шепетько В. В.
245 00 a Заглавие Анализ и классификация интертипных отношений
504 00 a Библиография Библиогр.: с. 32
520 0_ a Аннотация В приложении приводится "Таблица комфортности больших групп Рейнина"
650 04 a Основная рубрика психология
a Основная рубрика социальная психология
653 00 a Ключевые слова взаимопомощь
a Ключевые слова взаимопонимание
a Ключевые слова интертипные отношения
a Ключевые слова классификация отношений
a Ключевые слова комфортность отношений
a Ключевые слова конфликты
a Ключевые слова межличностные отношения
a Ключевые слова свойства интертипных отношений
a Ключевые слова социальные отношения
a Ключевые слова соционика
a Ключевые слова соционические типы
a Ключевые слова управление
773 00 t Заглавие источника Соционика, психология и межличностные отношения: человек, коллектив, общество
d Дата издания источника 2000
g Прочая информация № 4. - С. 15 - 32
w Контрольный № источника RU/IS/BASE/142612643
901 t Тип документа b